Software quality assurance : Obs. Vol.I:, Practice and implementation, 1-409 p.. Vol.II:A program quide, 1-167 p /

Enregistré dans:
Détails bibliographiques
Auteurs principaux: Vincent, J (Auteur), Waters, A (Auteur), Sinclair, J (Auteur)
Format: Livre
Langue:anglais
Publié: Englewood : Prentice Hall, 1988
Tags: Ajouter un tag
Pas de tags, Soyez le premier à ajouter un tag!

MARC

LEADER 00000nam a22000003a 4500
001 stu3346
005 20201020160728.8
008 930319s1988----xxu-----------------eng-d
040 |a STU  |b slo 
041 0 |a eng 
044 |a xxu 
080 |a 681.32.06 
080 |a 519.686  |7 stu_us_auth*stu8280 
100 1 |a Vincent, J  |4 aut 
245 1 |a Software quality assurance :  |b Obs. Vol.I:, Practice and implementation, 1-409 p.. Vol.II:A program quide, 1-167 p /  |c [aut.] Vincent,J.; Waters,A.; Sinclair,J 
260 |a Englewood :  |b Prentice Hall,  |c 1988 
300 |a 2.zv 
700 1 |a Waters, A  |4 aut 
700 1 |a Sinclair, J  |4 aut 
996 |c I*20VS3952  |l I  |s A  |a 24  |w stu3346_0001 
996 |c I*20VS3953  |l I  |s A  |a 24  |w stu3346_0002